Every 100,000+ city in China: Henan - Statistics

General Stats
  • This quiz has been taken 3 times
  • The average score is 43 of 127
Answer Stats
Letter Population City % Correct
X 359,015 Xi
100%
Z 10,116,447 Zhengzhou
100%
J 200,630 Jia
67%
J 1,219,907 Jiaozuo
67%
K 2,209,743 Kaifeng
67%
L 1,421,747 Luohe
67%
L 4,580,401 Luoyang
67%
N 2,427,649 Nanyang
67%
P 1,140,509 Pingdingshan
67%
P 1,337,009 Puyang
67%
X 225,126 Xin
67%
X 301,370 Xinmi
67%
X 1,620,707 Xinyang
67%
X 330,001 Xinzheng
67%
X 1,553,064 Xuchang
67%
Z 1,074,006 Zhumadian
67%
A 1,851,303 Anyang
33%
B 176,707 Baofeng
33%
B 260,045 Biyang
33%
B 325,077 Bo'ai
33%
C 158,088 Changge
33%
C 464,020 Changyuan
33%
D 237,031 Dancheng
33%
D 400,154 Dengfeng
33%
D 421,605 Dengzhou
33%
F 102,010 Fan
33%
F 240,414 Fengqiu
33%
F 151,005 Fugou
33%
G 481,179 Gongyi
33%
G 146,096 Guangshan
33%
G 407,940 Gushi
33%
H 721,046 Hebi
33%
H 130,007 Heshan
33%
H 631,817 Hua
33%
H 205,491 Huaibin
33%
H 257,049 Huangchuan
33%
H 177,001 Huojia
33%
J 101,036 Jili
33%
J 1,206,375 Jiyuan
33%
L 365,120 Lankao
33%
L 502,075 Lingbao
33%
L 239,396 Linying
33%
L 429,205 Linzhou
33%
L 129,907 Luoning
33%
L 291,040 Luoshan
33%
L 191,463 Lushi
33%
L 188,012 Luyi
33%
M 241,025 Mengzhou
33%
M 308,992 Mianchi
33%
M 376,190 Minquan
33%
N 172,108 Nanle
33%
N 296,071 Neihuang
33%
N 202,552 | 304,990 Neixiang
33%
N 174,443 Ningling
33%
P 276,111 Pingyu
33%
Q 149,114 | 269,011 Qi
33%
Q 132,057 Qingfeng
33%
Q 319,906 Qinyang
33%
Q 170,516 Queshan
33%
R 273,031 Runan
33%
R 183,050 Ruyang
33%
R 286,132 Ruzhou
33%
S 805,120 Sanmenxia
33%
S 247,515 Shancheng
33%
S 280,092 Shangcai
33%
S 209,573 Shangcheng
33%
S 1,779,125 Shangqiu
33%
S 334,775 Shenqiu
33%
S 125,053 Sheqi
33%
S 451,073 Sui
33%
S 195,140 Suiping
33%
T 210,060 Taikang
33%
T 230,545 Tanghe
33%
T 118,099 Tangyin
33%
T 108,647 Tongxu
33%
W 438,908 Weihui
33%
W 254,009 Weishi
33%
W 229,400 Wen
33%
W 219,966 Wugang
33%
W 203,448 Wuyang
33%
W 235,521 Wuzhi
33%
X 288,300 | 435,250 Xiangcheng
33%
X 116,988 Xiangfu
33%
X 262,400 Xiayi
33%
X 215,389 Xichuan
33%
X 189,203 Xihua
33%
X 250,112 Xin'An
33%
X 211,163 Xincai
33%
X 332,089 Xingyang
33%
X 2,063,020 Xinxiang
33%
X 244,103 Xinye
33%
X 310,089 Xiping
33%
X 114,611 Xiuwu
33%
X 137,270 Xixia
33%
X 282,019 Xun
33%
Y 217,010 Yanjin
33%
Y 227,740 Yanling
33%
Y 381,553 Yanshi
33%
Y 168,501 Ye
33%
Y 248,910 Yichuan
33%
Y 442,086 Yiyang
33%
Y 206,935 Yongcheng
33%
Y 237,996 Yuanyang
33%
Y 491,011 Yuzhou
33%
Z 350,026 Zhecheng
33%
Z 166,204 Zhengyang
33%
Z 391,055 Zhenping
33%
Z 284,108 Zhongmu
33%
Z 1,593,033 Zhoukou
33%
F 372,022 Fangcheng
0%
H 403,103 Huaiyang
0%
H 105,340 Huiguo
0%
H 576,145 Huixian
0%
J 100,950 Jinghuacun
0%
L 110,042 Lushan
0%
M 104,028 Minggang
0%
N 213,709 Nanzhao
0%
S 266,061 Shangjie
0%
S 306,422 Shuiye
0%
S 233,104 Song
0%
T 141,501 Taiqian
0%
T 252,004 Tongbai
0%
Y 155,349 Yima
0%
Y 411,396 Yucheng
0%
No matching quizzes found
Score Distribution
Percent of People with Each Score
Percentile by Number Answered
Your Score History
You have not taken this quiz